Marokko-Größte Städte - Statistiken

Allgemein
  • Dieses Quiz wurde 142 mal gespielt
  • Das Durchschnittsergebnis liegt bei 6 aus 10
Antwortstatistiken
Einwohner Stadt % Korrekt
3563000 Casablanca
97%
533000 Rabat
94%
971000 Marrakesch
89%
1187000 Fes
76%
498000 Agadir
69%
1087000 Tanger
69%
571000 Meknes
34%
572000 Oujda
29%
996000 Sale
22%
495000 Kenitra
18%
Keine übereinstimmenden Quizze gefunden
Verteilung der Resultate
Anzahl Personen mit jedem Resultat
Perzentil nach korrekt beantworteten Fragen
Ihre Resultats-Entwicklung
Sie haben dieses Quiz noch nicht gespielt